00281 a2200133 4500001000700000020001800007040001100025100002000036240003400056245002900090300000700119362000900126440001200135184606 a85-08-00144-4 cMagnum aPorto, Cristina10aSe... será, serafina ?lpor10aSe... será, serafina ? a640 a1985 1aÁtica